| 000 | 00624nam a22002177a 4500 | ||
|---|---|---|---|
| 003 | OSt | ||
| 005 | 20250922132822.0 | ||
| 008 | 250922b |||||||| |||| 00| 0 eng d | ||
| 020 | _a0884157520 | ||
| 040 | _cMUST | ||
| 082 | _2658 MIL 1999 | ||
| 100 |
_aMilgram, Lynne _919386 |
||
| 245 |
_aManaging smart: _b 325 high performance tips every manager must know/ _cLynne Milgram |
||
| 250 | _a21 ed. | ||
| 260 |
_aHouston : _bCashman Dudley _c1999 |
||
| 300 |
_axix, 412p. _bill. _c23cm |
||
| 504 | _aReferences and indexes are included | ||
| 650 | _2Management | ||
| 700 |
_aSpector Allan _919387 |
||
| 942 |
_2ddc _cO_SHELF |
||
| 999 |
_c9522 _d9522 |
||